Personnage Mask singers - Saison 5 - Statistiques

Statistiques générales
  • Ce quiz a été pris 95 fois
  • Le résultat moyen est 10 sur 15
Statistiques - réponses
Costume Personalité % Correct
Chamaud Nico et Daniela Capone
93%
Husky Vincent Niclo
85%
Sorcière Zaho
85%
Zèbre Cartman
83%
Méduse Charlotte Gaccio
73%
Biche Aurélie Konaté
72%
Chenille André Bouché
70%
Lama Jean-Marc Génereux
70%
Alien Adeline Toniutti
65%
Plante Carnivore Tina Arena
65%
Vautour Martin Lamotte
63%
Soleil Mel B
63%
Phoenix Anny Duperey
60%
Kangourou Anastacia
57%
Canard Laura Flessel
43%
Aucun quiz correspondant
Distribution des résultats
% des personnes avec chaque résultat
Percentile par nombre de réponses
Votre historique - résultats
Vous n’avez pas pris ce quiz